000 004600000a22001810004500
020 _a0-8499-0510-9
041 0 _aENG
082 0 4 _aG 253.5 W7462c
100 1 _aCollins, Gary R.
245 1 0 _ainnovative approaches to counseling / Gary R. Collins
260 _aWaco, TX., USA : Word
300 _a223 Pag
001 6470
942 _cBK
999 _c36740
_d36740
336 _atexto
_btxt
_2rdacontent
337 _2rdamedia
_asin mediación
_bn
338 _2rdacarrier
_avolumen
_bnc